zpět

Detail výsledku týmu

Rockle Klub, České Budějovice

Datum a čas kvízu

26.5 Celkem bodů Celkový počet nahraných bodů na tomto kvízu bez doplňovacích otázek.
10. Pořadí na kvízu Konečné umístění týmu na tomto kvízu.

Zaznamenané odpovědi

# Otázka Odpověď Body Výsledky
1. Jak se jmenuje sídlo na Uhersk... D 1
2. Mezinárodní tým záchranářů v ú... v Turecku 1
3. Jak se nazývá historické drama... Bratři 1
4. Ve které zemi vydal telekomuni... ve Francii 1
5. Který tým vstoupil do nového r... Kometa Brno 0
6. Jedním z nejlepších sportovců... Edmonton Oilers, 3x 1
7. Nejrychlejší muž planety a osm... Carl Lewis 1
8. Pokud se kohokoliv zeptáte na... 1C 2D 3A 4B 1
9. Ve voze které stáje vyhrál své... Benetton 0
10. V březnu 2023 tato americká ly... Mikaela Shiffrin 1